<?xml version="1.0" encoding="UTF-8"?><?xml-stylesheet type="text/xsl" href="static/style.xsl"?><OAI-PMH xmlns="http://www.openarchives.org/OAI/2.0/" xmlns:xsi="http://www.w3.org/2001/XMLSchema-instance" xsi:schemaLocation="http://www.openarchives.org/OAI/2.0/ http://www.openarchives.org/OAI/2.0/OAI-PMH.xsd"><responseDate>2026-04-14T07:21:04Z</responseDate><request verb="GetRecord" identifier="oai:www.recercat.cat:2445/198891" metadataPrefix="marc">https://recercat.cat/oai/request</request><GetRecord><record><header><identifier>oai:recercat.cat:2445/198891</identifier><datestamp>2025-11-19T21:44:11Z</datestamp><setSpec>com_2072_1057</setSpec><setSpec>col_2072_478825</setSpec><setSpec>col_2072_478917</setSpec></header><metadata><record xmlns="http://www.loc.gov/MARC21/slim" xmlns:dcterms="http://purl.org/dc/terms/" xmlns:xsi="http://www.w3.org/2001/XMLSchema-instance" xmlns:doc="http://www.lyncode.com/xoai" xsi:schemaLocation="http://www.loc.gov/MARC21/slim http://www.loc.gov/standards/marcxml/schema/MARC21slim.xsd">
   <leader>00925njm 22002777a 4500</leader>
   <datafield ind2=" " ind1=" " tag="042">
      <subfield code="a">dc</subfield>
   </datafield>
   <datafield ind2=" " ind1=" " tag="720">
      <subfield code="a">Bueno i Torrens, David, 1965-</subfield>
      <subfield code="e">author</subfield>
   </datafield>
   <datafield ind2=" " ind1=" " tag="260">
      <subfield code="c">2023-06-06T17:25:28Z</subfield>
   </datafield>
   <datafield ind2=" " ind1=" " tag="260">
      <subfield code="c">2023-06-06T17:25:28Z</subfield>
   </datafield>
   <datafield ind2=" " ind1=" " tag="260">
      <subfield code="c">2023-05-20</subfield>
   </datafield>
   <datafield ind2=" " ind1=" " tag="260">
      <subfield code="c">2023-06-06T17:25:28Z</subfield>
   </datafield>
   <datafield ind2=" " ind1=" " tag="520">
      <subfield code="a">La major part d'experts en salut mental fa temps que avisen de l'arribada d'una crisi important. Les estadístiques indiquen que s'ha produït un increment de patologies mentals en la població. Afecta molt especialment adolescents i joves, i cada cop també més els infants. Un informe publicat per l'Institut Català de la Salut a mitjans de gener del 2022 assenyalava que un de cada quatre infants i joves podria patir símptomes depressius, i un de cada cinc, d'ansietat. De manera paral·lela, un estudi internacional publicat el 2016 indicava que, a escala mundial, gairebé la meitat d'estudiants universitaris mostraven símptomes compatibles amb l'ansietat, i el 41% amb la depressió. És, sens dubte, un problema multifactorial, on actuen i convergeixen multitud d'elements diversos que cal analitzar. Un d'aquests factors podria ser la sobreprotecció que, sovint sense ser-ne conscients, les famílies podem exercir sobre els fills i filles, ja des de la infància. Voler viure en un entorn segur és completament lògic i raonable, però cal assumir que el risc zero no existeix, i que cal aprendre a valorar-lo, a gestionar-lo i a sobreposar-se després d'haver tingut experiències negatives. Un equip d'investigadors de les universitats de Rotterdam i d'Utrecht, als Països Baixos, encapçalats per la psicòloga social Gonneke Stevens, ha analitzat empíricament si sobreprotegir els infants afecta negativament la capacitat de fer front a les situacions adverses durant l'adolescència i la joventut, i com això dificulta la gestió que fan de l'estrès, ja que aquestes són precisament algunes de les causes més destacades que condueixen a l'ansietat i la depressió. Els resultats, que han publicat a la revista Journal of Youth and Adolescence, indiquen que hi ha una correlació clara entre la sobreprotecció i la mala gestió de les situacions adverses, la qual cosa comporta una predisposició més gran a tenir ansietat i estrès, entre altres efectes també perjudicials.</subfield>
   </datafield>
   <datafield tag="653" ind2=" " ind1=" ">
      <subfield code="a">Ansietat en els infants</subfield>
   </datafield>
   <datafield tag="653" ind2=" " ind1=" ">
      <subfield code="a">Problemes emocionals dels infants</subfield>
   </datafield>
   <datafield tag="653" ind2=" " ind1=" ">
      <subfield code="a">Anxiety in children</subfield>
   </datafield>
   <datafield tag="653" ind2=" " ind1=" ">
      <subfield code="a">Emotional problems of children</subfield>
   </datafield>
   <datafield ind2="0" ind1="0" tag="245">
      <subfield code="a">Sobreprotegir els infants els pot fer més vulnerables a l'estrès i l'ansietat</subfield>
   </datafield>
</record></metadata></record></GetRecord></OAI-PMH>